<?xml version="1.0" encoding="UTF-8"?>
<record
    xmlns:xsi="http://www.w3.org/2001/XMLSchema-instance"
    xsi:schemaLocation="http://www.loc.gov/MARC21/slim http://www.loc.gov/standards/marcxml/schema/MARC21slim.xsd"
    xmlns="http://www.loc.gov/MARC21/slim">

  <leader>00449cam a2200169Ia 4500</leader>
  <datafield tag="020" ind1=" " ind2=" ">
    <subfield code="a">1555427960</subfield>
  </datafield>
  <datafield tag="040" ind1=" " ind2=" ">
    <subfield code="c">OCT</subfield>
  </datafield>
  <datafield tag="082" ind1=" " ind2=" ">
    <subfield code="a">374 JOS 1991 A074 Or.</subfield>
  </datafield>
  <datafield tag="245" ind1="0" ind2="0">
    <subfield code="a">Multisite evaluations /</subfield>
  </datafield>
  <datafield tag="260" ind1=" " ind2=" ">
    <subfield code="a">San Francisco :</subfield>
    <subfield code="b">Jossey-Bass,</subfield>
    <subfield code="c">1991</subfield>
  </datafield>
  <datafield tag="300" ind1=" " ind2=" ">
    <subfield code="a">112 p. ;</subfield>
    <subfield code="c">23 cm</subfield>
  </datafield>
  <datafield tag="650" ind1=" " ind2="0">
    <subfield code="a">Evaluation research (Social action programs)</subfield>
  </datafield>
  <datafield tag="650" ind1=" " ind2="0">
    <subfield code="a">Educational evaluation</subfield>
  </datafield>
  <datafield tag="700" ind1="1" ind2="0">
    <subfield code="a">Turpin, Robin S</subfield>
  </datafield>
  <datafield tag="700" ind1="1" ind2="0">
    <subfield code="a">Sinacore, James M</subfield>
  </datafield>
  <datafield tag="942" ind1=" " ind2=" ">
    <subfield code="c">EK</subfield>
  </datafield>
  <datafield tag="999" ind1=" " ind2=" ">
    <subfield code="c">15193</subfield>
    <subfield code="d">15193</subfield>
  </datafield>
  <datafield tag="952" ind1=" " ind2=" ">
    <subfield code="0">0</subfield>
    <subfield code="1">0</subfield>
    <subfield code="4">0</subfield>
    <subfield code="6">374_000000000000000_JOS_1991_A074_OR</subfield>
    <subfield code="7">0</subfield>
    <subfield code="9">67986</subfield>
    <subfield code="a">LBA</subfield>
    <subfield code="b">LBA</subfield>
    <subfield code="c">A074</subfield>
    <subfield code="d">2017-11-13</subfield>
    <subfield code="o">374 JOS 1991 A074 Or.</subfield>
    <subfield code="p">A07659</subfield>
    <subfield code="r">2017-11-13</subfield>
    <subfield code="w">2017-11-13</subfield>
    <subfield code="y">EK</subfield>
  </datafield>
  <datafield tag="952" ind1=" " ind2=" ">
    <subfield code="0">0</subfield>
    <subfield code="1">0</subfield>
    <subfield code="4">0</subfield>
    <subfield code="6">374_000000000000000_JOS_1991_A074_OR</subfield>
    <subfield code="7">0</subfield>
    <subfield code="9">67987</subfield>
    <subfield code="a">LBA</subfield>
    <subfield code="b">LBA</subfield>
    <subfield code="c">A074</subfield>
    <subfield code="d">2017-11-13</subfield>
    <subfield code="o">374 JOS 1991 A074 Or.</subfield>
    <subfield code="p">A06251</subfield>
    <subfield code="r">2017-11-13</subfield>
    <subfield code="y">EK</subfield>
  </datafield>
  <datafield tag="952" ind1=" " ind2=" ">
    <subfield code="0">0</subfield>
    <subfield code="1">0</subfield>
    <subfield code="4">0</subfield>
    <subfield code="6">374_000000000000000_JOS_1991_A074_OR</subfield>
    <subfield code="7">0</subfield>
    <subfield code="9">67988</subfield>
    <subfield code="a">LBA</subfield>
    <subfield code="b">LBA</subfield>
    <subfield code="c">A074</subfield>
    <subfield code="d">2017-11-13</subfield>
    <subfield code="o">374 JOS 1991 A074 Or.</subfield>
    <subfield code="p">A06954</subfield>
    <subfield code="r">2017-11-13</subfield>
    <subfield code="y">EK</subfield>
  </datafield>
  <datafield tag="952" ind1=" " ind2=" ">
    <subfield code="0">0</subfield>
    <subfield code="1">0</subfield>
    <subfield code="4">0</subfield>
    <subfield code="6">374_000000000000000_JOS_1991_A074_OR</subfield>
    <subfield code="7">0</subfield>
    <subfield code="9">67989</subfield>
    <subfield code="a">LBA</subfield>
    <subfield code="b">LBA</subfield>
    <subfield code="c">A074</subfield>
    <subfield code="d">2017-11-13</subfield>
    <subfield code="o">374 JOS 1991 A074 Or.</subfield>
    <subfield code="p">A06843</subfield>
    <subfield code="r">2017-11-13</subfield>
    <subfield code="y">EK</subfield>
  </datafield>
  <datafield tag="952" ind1=" " ind2=" ">
    <subfield code="0">0</subfield>
    <subfield code="1">0</subfield>
    <subfield code="4">0</subfield>
    <subfield code="6">374_000000000000000_JOS_1991_A074_OR</subfield>
    <subfield code="7">0</subfield>
    <subfield code="9">67990</subfield>
    <subfield code="a">LBA</subfield>
    <subfield code="b">LBA</subfield>
    <subfield code="c">A074</subfield>
    <subfield code="d">2017-11-13</subfield>
    <subfield code="o">374 JOS 1991 A074 Or.</subfield>
    <subfield code="p">A06595</subfield>
    <subfield code="r">2017-11-13</subfield>
    <subfield code="y">EK</subfield>
  </datafield>
</record>
